| 000 -ლიდერი |
| ფიქსირებული სიგრძის საკონტროლო ველი |
01966nam a22002657a 4500 |
| 003 - საკონტროლო ნომრის იდენტიფიკატორი |
| საკონტროლო ველი |
Ge_BSU |
| 005 - ბოლო ოპერაციის თარიღი და დრო |
| საკონტროლო ველი |
20200824123826.0 |
| 008 - ფიქსირებული სიგრძის მონაცემთა ელემენტები - ზოგადი ინფორმაცია |
| ფიქსირებული სიგრძის საკონტროლო ველი |
200824s2018 ge ||||| |||| 00| 0 geo d |
| 020 ## - წიგნის საერთაშორისო სტანდარტული ნომერი |
| International Standard Book Number |
9789941956195 |
| 041 ## - ენის კოდი |
| Language code of text/sound track or separate title |
geo |
| 080 ## - უნივერსალური ათობითი კლასიფიკაციის ინდექსი |
| Universal Decimal Classification number |
808.5(082) რ-64 |
| 245 ## - ცნობა სათაურის შესახებ |
| Title |
რიტორიკა : |
| Remainder of title |
ქრესტომათია / |
| Statement of responsibility, etc |
შემდგენლები: თ. ჯაგოდნიშვილი, ი. გაბისონია, ი. ჯაგოდნიშვილი ; რედაქტორები: ჯ. გახოკიძე, ჯ. გაბელია, ქ. ქოქრაშვილი. |
| 264 ## - წარმოების, გამოცემის, დისტრიბუციის და სხვა ცნობები |
| გამოცემის, წარმოების, დისტრიბუციის... ადგილი |
თბილისი : |
| გამოცემის, წარმოების, დისტრიბუციის... სახელწოდება |
იურისტების სამყარო, |
| გამოცემის, წარმოების, დისტრიბუციის... თარიღი |
2018. |
| 300 ## - ფიზიკური აღწერა |
| Extent |
434 გვ. ; |
| Other physical details |
20 სმ. |
| 500 ## - ზოგადი შენიშვნა |
| General note |
წიგნი გამოცემულია საქ. ტექნიკური უნ-ტის სამართლისა და საერთაშორისო ურთიერთობების ფაკ-ტისა და საინჟინრო ეკონომიკის, მედიატექნოლოგიებისა და სოციალურ მეცნიერებათა ფაკ-ტის მხარდაჭერით. |
| 653 ## - INDEX TERM--UNCONTROLLED |
| Uncontrolled term |
რიტორიკა |
| 653 ## - INDEX TERM--UNCONTROLLED |
| Uncontrolled term |
ქრესტომათიები. |
| 700 ## - ADDED ENTRY--PERSONAL NAME |
| Personal name |
ჯაგოდნიშვილი, თემურ |
| Relator term |
შემდგენელი |
| 9 (RLIN) |
9286 |
| 700 ## - ADDED ENTRY--PERSONAL NAME |
| Personal name |
გაბისონია, ირაკლი, |
| Relator term |
შემდგენელი |
| 9 (RLIN) |
7024 |
| 700 ## - ADDED ENTRY--PERSONAL NAME |
| Personal name |
ჯაგოდნიშვილი, ივანე, |
| Relator term |
შემდგენელი |
| 9 (RLIN) |
9283 |
| 700 ## - ADDED ENTRY--PERSONAL NAME |
| Personal name |
გახოკიძე, ჯ., |
| Relator term |
რედაქტორი. |
| 9 (RLIN) |
9284 |
| 700 ## - ADDED ENTRY--PERSONAL NAME |
| Personal name |
გაბელია, ჯ., |
| Relator term |
რედაქტორი |
| 9 (RLIN) |
9285 |
| 700 ## - ADDED ENTRY--PERSONAL NAME |
| Personal name |
ქოქრაშვილი, ქ., |
| Relator term |
რედაქტორი |
| 9 (RLIN) |
9280 |
| 942 ## - ADDED ENTRY ELEMENTS (KOHA) |
| Source of classification or shelving scheme |
|
| Koha item type |
წიგნი |